Ankara Universitesi Fen Fakultesi bilgisayar kursu ders notlari: MS Dos-Windows95, MS Access 7.0, MS Word 7.0, MS Excel 7.0, Internet  (Record no. 2696)

000 -LEADER
fixed length control field 00903nmm a2200241 a 4500
001 - CONTROL NUMBER
control field ocm000788015
003 - CONTROL NUMBER IDENTIFIER
control field TR-IsHL
005 - DATE AND TIME OF LATEST TRANSACTION
control field 20201028123948.0
008 - FIXED-LENGTH DATA ELEMENTS--GENERAL INFORMATION
fixed length control field 130902s1995 tu tur
007 - PHYSICAL DESCRIPTION FIXED FIELD--GENERAL INFORMATION
fixed length control field cr cn
035 ## - SYSTEM CONTROL NUMBER
System control number 788015
-- (N$T)
050 04 - LIBRARY OF CONGRESS CALL NUMBER
Classification number QA76.76
Item number .W56 1995
090 04 - LOCALLY ASSIGNED LC-TYPE CALL NUMBER (OCLC); LOCAL CALL NUMBER (RLIN)
Classification number (OCLC) (R) ; Classification number, CALL (RLIN) (NR) QA76.76
Local cutter number (OCLC) ; Book number/undivided call number, CALL (RLIN) .W56 1995
245 10 - TITLE STATEMENT
Title Ankara Universitesi Fen Fakultesi bilgisayar kursu ders notlari: MS Dos-Windows95, MS Access 7.0, MS Word 7.0, MS Excel 7.0, Internet 
Medium [electronic resource]
260 ## - PUBLICATION, DISTRIBUTION, ETC.
Place of publication, distribution, etc. Ankara :
Name of publisher, distributor, etc. Ankara Üniversitesi Fen Fakültesi,
Date of publication, distribution, etc. 1995
300 ## - PHYSICAL DESCRIPTION
Extent 229 p.
650 #4 - SUBJECT ADDED ENTRY--TOPICAL TERM
Topical term or geographic name entry element Bilgisayar
650 #4 - SUBJECT ADDED ENTRY--TOPICAL TERM
Topical term or geographic name entry element Computer Sciences
650 #0 - SUBJECT ADDED ENTRY--TOPICAL TERM
Topical term or geographic name entry element Windows (Bilgisayar program)
650 #0 - SUBJECT ADDED ENTRY--TOPICAL TERM
Topical term or geographic name entry element Windows (Computer programs)
650 #7 - SUBJECT ADDED ENTRY--TOPICAL TERM
Topical term or geographic name entry element COMPUTERS / Operating Systems / Windows Workstation
Source of heading or term bisacsh
856 40 - ELECTRONIC LOCATION AND ACCESS
Uniform Resource Identifier <a href="http://search.ebscohost.com/login.aspx?direct=true&scope=site&db=e011xww&AN=788015">http://search.ebscohost.com/login.aspx?direct=true&scope=site&db=e011xww&AN=788015</a>
Holdings
Withdrawn status Lost status Source of classification or shelving scheme Damaged status Not for loan Collection code Permanent Location Current Location Date acquired Total Checkouts Full call number Barcode Date last seen Price effective from Koha item type
        Online   Kıbrıs Amerikan Üniversitesi Kütüphanesi / American University of Cyprus Kıbrıs Amerikan Üniversitesi Kütüphanesi / American University of Cyprus 28.10.2020   QA76.76 .W56 1995 788015 28.10.2020 28.10.2020 E-Kitap
Devinim Yazılım Eğitim Danışmanlık tarafından Koha'nın orjinal sürümü uyarlanarak geliştirilip kurulmuştur.